000 00502nam a2200181Ia 4500
005 20250326143122.0
008 250326s9999 xx 000 0 und d
037 _aTextbook
040 _aFMSL
_beng
_cFMSL
041 _aeng
_2eng
084 _aX:74.1 P4
_qFMSL
100 _aBhagwati J
_9738675
245 0 _aIn defence of globalization
_cBhagwati J
260 _aNew York
_bNew York, Oxford University
_c2004
300 _a308p
942 _cTB
_hX:74.1 P4
999 _c1298175
_d1298175